[Event "DVM U12w 2024"]
[Site "Bad Homburg GER"]
[Date "2024.12.29"]
[Round "6"]
[White "Khachaturyan, Viktoria"]
[Black "Ruddat, Maila"]
[Result "0-1"]
[Termination "normal"]
[Board "3.2"]
[WhiteElo "966"]
[BlackElo "1486"]
[WhiteClock "01:11:30"]
[BlackClock "01:12:21"]
[WhiteTeam "Karlsruher SF 1853"]
[BlackTeam "TSG Oberschöneweide"]
[PlyCount "54"]
[WhiteFideId "16258150"]
[BlackFideId "34628100"]
[EventCountry "GER"]
[EventRounds "7"]
[EventType "team-swiss"]
[EventDate "2024.12.26"]

1. e4 {[%clk 01:30:58]} {[%emt 00:00:01]} e5 {[%clk 01:30:25]} {[%emt
00:00:36]} 2. Nf3 {[%clk 01:31:20]} {[%emt 00:00:08]} Nc6 {[%clk 01:30:41]}
{[%emt 00:00:14]} 3. Nc3 {[%clk 01:31:36]} {[%emt 00:00:13]} Nf6 {[%clk
01:30:41]} {[%emt 00:00:30]} 4. Bb5 {[%clk 01:31:55]} {[%emt 00:00:11]} Bb4
{[%clk 01:30:29]} {[%emt 00:00:38]} 5. d3 {[%clk 01:32:06]} {[%emt 00:00:23]}
Qe7 {[%clk 01:29:21]} {[%emt 00:01:36]} 6. Bg5 {[%clk 01:32:18]} {[%emt
00:00:19]} O-O {[%clk 01:28:11]} {[%emt 00:01:40]} 7. O-O {[%clk 01:32:02]}
{[%emt 00:00:46]} a6 {[%clk 01:27:35]} {[%emt 00:00:59]} 8. Bxc6 {[%clk
01:31:55]} {[%emt 00:00:45]} Bxc3 {[%clk 01:27:49]} {[%emt 00:00:16]} 9. bxc3
{[%clk 01:31:55]} {[%emt 00:00:30]} dxc6 {[%clk 01:27:39]} {[%emt 00:00:39]}
10. d4 {[%clk 01:32:12]} {[%emt 00:00:15]} Qe6 {[%clk 01:27:15]} {[%emt
00:00:47]} 11. Re1 {[%clk 01:29:14]} {[%emt 00:03:34]} exd4 {[%clk 01:26:53]}
{[%emt 00:00:51]} 12. cxd4 {[%clk 01:28:47]} {[%emt 00:00:58]} Qg4 {[%clk
01:24:13]} {[%emt 00:03:03]} 13. Bxf6 {[%clk 01:28:54]} {[%emt 00:00:28]} gxf6
{[%clk 01:24:23]} {[%emt 00:00:21]} 14. e5 {[%clk 01:28:29]} {[%emt 00:00:57]}
fxe5 {[%clk 01:23:58]} {[%emt 00:00:54]} 15. Rxe5 {[%clk 01:28:45]} {[%emt
00:00:15]} f6 {[%clk 01:23:09]} {[%emt 00:01:14]} 16. Re7 {[%clk 01:28:39]}
{[%emt 00:00:39]} Qg6 {[%clk 01:22:47]} {[%emt 00:00:50]} 17. Nh4 {[%clk
01:25:00]} {[%emt 00:04:12]} Qg5 {[%clk 01:21:09]} {[%emt 00:02:04]} 18. g3
{[%clk 01:23:29]} {[%emt 00:02:05]} Qd5 {[%clk 01:17:46]} {[%emt 00:03:52]} 19.
Qd3 {[%clk 01:22:41]} {[%emt 00:01:17]} f5 {[%clk 01:17:01]} {[%emt 00:01:14]}
20. Qe3 {[%clk 01:20:12]} {[%emt 00:03:02]} f4 {[%clk 01:12:49]} {[%emt
00:04:41]} 21. Qd3 {[%clk 01:19:13]} {[%emt 00:01:30]} Bf5 {[%clk 01:11:49]}
{[%emt 00:01:28]} 22. Nxf5 {[%clk 01:18:53]} {[%emt 00:00:52]} Qxf5 {[%clk
01:12:07]} {[%emt 00:00:12]} 23. Re4 {[%clk 01:16:10]} {[%emt 00:03:13]} fxg3
{[%clk 01:11:50]} {[%emt 00:00:47]} 24. Qxg3+ {[%clk 01:15:45]} {[%emt
00:00:55]} Kh8 {[%clk 01:11:47]} {[%emt 00:00:30]} 25. Re7 {[%clk 01:15:17]}
{[%emt 00:01:01]} Rg8 {[%clk 01:12:04]} {[%emt 00:00:15]} 26. Qxg8+ {[%clk
01:11:28]} {[%emt 00:04:18]} Rxg8+ {[%clk 01:12:25]} {[%emt 00:00:09]} 27. Kh1
{[%clk 01:11:30]} {[%emt 00:00:15]} Qf3# {[%clk 01:12:21]} {[%emt 00:00:17]}
0-1

[Event "DVM U12w 2024"]
[Site "Bad Homburg GER"]
[Date "2024.12.29"]
[Round "6"]
[White "Ulianova, Anna"]
[Black "Bykov, Sophia"]
[Result "1-0"]
[Termination "normal"]
[Board "3.3"]
[WhiteElo "1267"]
[BlackElo "1033"]
[WhiteClock "00:04:51"]
[BlackClock "00:11:05"]
[WhiteTeam "TSG Oberschöneweide"]
[BlackTeam "Karlsruher SF 1853"]
[PlyCount "93"]
[WhiteFideId "34682660"]
[BlackFideId "34630104"]
[EventCountry "GER"]
[EventRounds "7"]
[EventType "team-swiss"]
[EventDate "2024.12.26"]

1. e4 {[%clk 01:30:55]} {[%emt 00:00:04]} e5 {[%clk 01:30:55]} {[%emt
00:00:05]} 2. f4 {[%clk 01:31:20]} {[%emt 00:00:06]} d5 {[%clk 01:31:18]}
{[%emt 00:00:06]} 3. exd5 {[%clk 01:31:45]} {[%emt 00:00:05]} exf4 {[%clk
01:31:41]} {[%emt 00:00:07]} 4. Nf3 {[%clk 01:31:28]} {[%emt 00:00:47]} Nf6
{[%clk 01:32:04]} {[%emt 00:00:07]} 5. Bc4 {[%clk 01:29:03]} {[%emt 00:02:55]}
Bd6 {[%clk 01:31:10]} {[%emt 00:01:24]} 6. O-O {[%clk 01:28:59]} {[%emt
00:00:35]} O-O {[%clk 01:30:56]} {[%emt 00:00:43]} 7. d4 {[%clk 01:29:05]}
{[%emt 00:00:24]} c6 {[%clk 01:30:20]} {[%emt 00:01:06]} 8. Ne5 {[%clk
01:14:52]} {[%emt 00:14:44]} cxd5 {[%clk 01:30:03]} {[%emt 00:00:48]} 9. Bd3
{[%clk 01:14:32]} {[%emt 00:00:50]} Qb6 {[%clk 01:26:11]} {[%emt 00:04:20]} 10.
Nf3 {[%emt 00:08:23]} Bg4 {[%clk 01:26:00]} {[%emt 00:00:29]} 11. c3 {[%clk
01:05:00]} {[%emt 00:02:22]} Bxf3 {[%clk 01:24:06]} {[%emt 00:02:23]} 12. Qxf3
{[%clk 00:58:35]} {[%emt 00:06:56]} Nc6 {[%clk 01:22:28]} {[%emt 00:02:08]} 13.
Rf2 {[%clk 00:51:34]} {[%emt 00:07:31]} Ne5 {[%clk 01:19:11]} {[%emt 00:03:42]}
14. dxe5 {[%clk 00:48:47]} {[%emt 00:03:22]} Bc5 {[%clk 01:16:56]} {[%emt
00:02:44]} 15. exf6 {[%clk 00:48:26]} {[%emt 00:00:52]} Rae8 {[%clk 01:13:12]}
{[%emt 00:01:29]} 16. Kf1 {[%clk 00:44:08]} {[%emt 00:07:33]} Bxf2 {[%clk
01:07:55]} {[%emt 00:05:46]} 17. Qxf2 {[%clk 00:44:30]} {[%emt 00:00:09]} Qxf6
{[%clk 01:07:15]} {[%emt 00:01:09]} 18. Nd2 {[%clk 00:33:43]} {[%emt 00:11:17]}
Re3 {[%clk 01:06:16]} {[%emt 00:01:24]} 19. Bb1 {[%clk 00:19:13]} {[%emt
00:15:04]} Rfe8 {[%clk 01:05:48]} {[%emt 00:00:52]} 20. Nf3 {[%clk 00:18:29]}
{[%emt 00:01:18]} Re2 {[%clk 00:58:37]} {[%emt 00:07:41]} 21. Qxa7 {[%clk
00:14:20]} {[%emt 00:04:41]} g5 {[%clk 00:52:59]} {[%emt 00:06:08]} 22. h3
{[%clk 00:13:03]} {[%emt 00:01:47]} h5 {[%clk 00:52:00]} {[%emt 00:01:29]} 23.
Bd3 {[%emt 00:01:24]} R2e7 {[%clk 00:47:23]} {[%emt 00:05:03]} 24. Bb5 {[%clk
00:10:12]} {[%emt 00:02:29]} Rd8 {[%clk 00:42:45]} {[%emt 00:05:07]} 25. Qd4
{[%clk 00:08:27]} {[%emt 00:02:16]} Qe6 {[%clk 00:40:18]} {[%emt 00:02:53]} 26.
Bd2 {[%clk 00:08:25]} {[%emt 00:00:37]} Qf5 {[%clk 00:33:30]} {[%emt 00:07:10]}
27. Bd3 {[%clk 00:06:13]} {[%emt 00:02:49]} Qd7 {[%clk 00:28:48]} {[%emt
00:05:06]} 28. Nxg5 {[%clk 00:05:24]} {[%emt 00:01:24]} Re4 {[%clk 00:14:17]}
{[%emt 00:14:59]} 29. Bxe4 {[%clk 00:04:49]} {[%emt 00:01:08]} dxe4 {[%clk
00:14:35]} {[%emt 00:00:13]} 30. Qxd7 {[%clk 00:05:15]} {[%emt 00:00:03]} Rxd7
{[%clk 00:14:58]} {[%emt 00:00:08]} 31. Bxf4 {[%clk 00:05:05]} {[%emt
00:00:39]} Re7 {[%clk 00:14:35]} {[%emt 00:00:50]} 32. Re1 {[%clk 00:04:12]}
{[%emt 00:01:26]} f5 {[%clk 00:14:38]} {[%emt 00:00:27]} 33. a4 {[%clk
00:04:18]} {[%emt 00:00:24]} Kg7 {[%clk 00:14:38]} {[%emt 00:00:31]} 34. a5
{[%clk 00:04:16]} {[%emt 00:00:32]} Kg6 {[%clk 00:13:14]} {[%emt 00:01:54]} 35.
Rd1 {[%clk 00:04:18]} {[%emt 00:00:27]} e3 {[%clk 00:12:01]} {[%emt 00:01:42]}
36. Rd6+ {[%clk 00:04:33]} {[%emt 00:00:16]} Kg7 {[%clk 00:12:09]} {[%emt
00:00:21]} 37. Ke2 {[%clk 00:04:46]} {[%emt 00:00:17]} Re8 {[%clk 00:09:40]}
{[%emt 00:02:59]} 38. Rd7+ {[%clk 00:04:52]} {[%emt 00:00:25]} Kg6 {[%clk
00:09:52]} {[%emt 00:00:18]} 39. Rxb7 {[%clk 00:04:38]} {[%emt 00:00:44]} h4
{[%clk 00:09:32]} {[%emt 00:00:51]} 40. a6 {[%clk 00:04:17]} {[%emt 00:00:50]}
Kh5 {[%clk 00:09:52]} {[%emt 00:00:10]} 41. a7 {[%clk 00:04:08]} {[%emt
00:00:39]} Kg6 {[%clk 00:09:57]} {[%emt 00:00:25]} 42. Rb8 {[%clk 00:04:27]}
{[%emt 00:00:10]} Rxb8 {[%clk 00:10:04]} {[%emt 00:00:24]} 43. axb8=Q {[%clk
00:04:42]} {[%emt 00:00:11]} Kf6 {[%clk 00:10:18]} {[%emt 00:00:19]} 44. Qd6+
{[%clk 00:04:59]} {[%emt 00:00:15]} Kg7 {[%clk 00:10:32]} {[%emt 00:00:16]} 45.
Qe7+ {[%clk 00:05:18]} {[%emt 00:00:12]} Kg6 {[%clk 00:10:48]} {[%emt
00:00:13]} 46. Qf7+ {[%clk 00:05:32]} {[%emt 00:00:16]} Kh6 {[%clk 00:11:05]}
{[%emt 00:00:13]} 47. Qh7# {[%clk 00:04:51]} {[%emt 00:00:40]} 1-0

[Event "DVM U12w 2024"]
[Site "Bad Homburg GER"]
[Date "2024.12.29"]
[Round "6"]
[White "Wang, Lexin Selina"]
[Black "Yamshchikova, Oleksandra"]
[Result "0-1"]
[Termination "normal"]
[Board "3.4"]
[WhiteElo "920"]
[BlackElo "974"]
[WhiteClock "00:13:51"]
[BlackClock "01:15:21"]
[WhiteTeam "Karlsruher SF 1853"]
[BlackTeam "TSG Oberschöneweide"]
[PlyCount "84"]
[WhiteFideId "34694331"]
[BlackFideId "34171118"]
[EventCountry "GER"]
[EventRounds "7"]
[EventType "team-swiss"]
[EventDate "2024.12.26"]

1. e4 {[%clk 01:30:58]} e5 {[%clk 01:30:56]} {[%emt 00:00:05]} 2. Nf3 {[%clk
01:31:24]} {[%emt 00:00:04]} Nc6 {[%clk 01:31:21]} {[%emt 00:00:06]} 3. Bc4
{[%clk 01:31:44]} {[%emt 00:00:09]} Bc5 {[%clk 01:31:45]} {[%emt 00:00:06]} 4.
Nc3 {[%clk 01:30:10]} {[%emt 00:02:04]} d6 {[%clk 01:31:46]} {[%emt 00:00:30]}
5. O-O {[%clk 01:30:04]} {[%emt 00:00:36]} Nf6 {[%clk 01:32:10]} {[%emt
00:00:06]} 6. d3 {[%clk 01:29:32]} {[%emt 00:01:02]} Be6 {[%clk 01:32:22]}
{[%emt 00:00:17]} 7. Bxe6 {[%clk 01:22:29]} {[%emt 00:07:32]} fxe6 {[%clk
01:32:42]} {[%emt 00:00:11]} 8. Be3 {[%clk 01:21:19]} {[%emt 00:01:40]} Bb6
{[%clk 01:33:03]} {[%emt 00:00:09]} 9. Re1 {[%clk 01:06:03]} {[%emt 00:15:46]}
O-O {[%clk 01:32:55]} 10. Bg5 {[%clk 01:00:25]} {[%emt 00:06:46]} Qd7 {[%clk
01:31:09]} 11. h3 {[%clk 00:53:32]} {[%emt 00:09:40]} h6 {[%clk 01:30:43]} 12.
Be3 {[%clk 00:48:38]} {[%emt 00:06:20]} Nh7 {[%clk 01:29:11]} 13. d4 {[%clk
00:44:57]} {[%emt 00:06:13]} exd4 {[%clk 01:28:51]} 14. Bxd4 {[%clk 00:44:57]}
Nxd4 {[%clk 01:28:51]} 15. Nxd4 {[%clk 00:44:57]} e5 {[%clk 01:28:51]} 16. Nf3
{[%clk 00:44:57]} Rf6 {[%clk 01:28:51]} 17. Rf1 {[%clk 00:44:57]} Raf8 {[%clk
01:28:51]} 18. Nd5 {[%clk 00:44:57]} R6f7 {[%clk 01:28:51]} 19. Nxb6 {[%clk
00:44:57]} axb6 {[%clk 01:28:51]} 20. b3 {[%clk 00:29:01]} {[%emt 00:25:57]}
Qe6 {[%clk 01:25:38]} 21. Kh2 {[%clk 00:28:00]} {[%emt 00:02:33]} Ng5 {[%clk
01:25:19]} 22. Nxg5 {[%clk 00:23:45]} {[%emt 00:05:34]} hxg5 {[%clk 01:25:34]}
23. f3 {[%clk 00:23:45]} c6 {[%clk 01:25:34]} 24. Qd3 {[%clk 00:23:45]} d5
{[%clk 01:25:34]} 25. b4 {[%clk 00:23:45]} dxe4 {[%clk 01:25:34]} 26. fxe4
{[%clk 00:23:45]} Rxf1 {[%clk 01:25:34]} 27. Rxf1 {[%clk 00:23:45]} Rxf1 {[%clk
01:25:34]} 28. Qxf1 {[%clk 00:23:45]} Qxa2 {[%clk 01:25:34]} 29. c4 {[%clk
00:23:45]} Qb2 {[%clk 01:25:34]} 30. b5 {[%clk 00:23:45]} cxb5 {[%clk
01:25:34]} 31. cxb5 {[%clk 00:23:45]} Qb4 {[%clk 01:25:34]} 32. Qe2 {[%clk
00:13:40]} {[%emt 00:27:24]} Kh7 {[%clk 01:16:09]} {[%emt 00:02:20]} 33. Qh5+
{[%emt 00:00:43]} Kg8 {[%clk 01:16:19]} {[%emt 00:00:17]} 34. Qxg5 {[%clk
00:13:25]} {[%emt 00:00:35]} Qxb5 {[%clk 01:16:21]} {[%emt 00:00:29]} 35. h4
{[%clk 00:13:44]} {[%emt 00:00:11]} Qc5 {[%clk 01:16:04]} {[%emt 00:00:48]} 36.
h5 {[%clk 00:14:02]} {[%emt 00:00:12]} Qd6 {[%clk 01:16:26]} {[%emt 00:00:08]}
37. Qf5 {[%clk 00:13:38]} {[%emt 00:00:54]} Qc7 {[%clk 01:16:03]} {[%emt
00:00:52]} 38. g4 {[%clk 00:13:47]} {[%emt 00:00:21]} Qc2+ {[%clk 01:16:05]}
{[%emt 00:00:28]} 39. Kh3 {[%clk 00:13:51]} {[%emt 00:00:26]} Qc3+ {[%clk
01:15:57]} {[%emt 00:00:38]} 40. Kh4 {[%clk 00:13:23]} {[%emt 00:00:58]} Qe1+
{[%clk 01:16:08]} {[%emt 00:00:18]} 41. Kg5 {[%clk 00:13:48]} {[%emt 00:00:05]}
Qd2+ {[%clk 01:15:51]} {[%emt 00:00:47]} 42. Kg6 {[%clk 00:13:51]} {[%emt
00:00:28]} Qh6# {[%clk 01:15:21]} {[%emt 00:00:24]} 0-1

[Event "DVM U12w 2024"]
[Site "Bad Homburg GER"]
[Date "2024.12.29"]
[Round "6"]
[White "Anaparthi, Anika"]
[Black "Rutschmann, Polly"]
[Result "1-0"]
[Termination "normal"]
[Board "4.2"]
[WhiteElo "1052"]
[BlackElo "1072"]
[WhiteClock "00:55:28"]
[BlackClock "00:28:48"]
[WhiteTeam "SC Garching 1980"]
[BlackTeam "SC Weisse Dame"]
[PlyCount "53"]
[WhiteFideId "34639608"]
[BlackFideId "34621261"]
[EventCountry "GER"]
[EventRounds "7"]
[EventType "team-swiss"]
[EventDate "2024.12.26"]

1. e4 {[%clk 01:30:57]} {[%emt 00:00:03]} e5 {[%clk 01:30:45]} {[%emt
00:00:14]} 2. Nf3 {[%clk 01:31:19]} {[%emt 00:00:09]} Nc6 {[%clk 01:30:58]}
{[%emt 00:00:16]} 3. d4 {[%clk 01:31:01]} {[%emt 00:00:48]} exd4 {[%clk
01:30:05]} {[%emt 00:01:23]} 4. Bc4 {[%clk 01:31:16]} {[%emt 00:00:16]} Bc5
{[%clk 01:28:55]} {[%emt 00:01:41]} 5. Ng5 {[%clk 01:31:21]} {[%emt 00:00:24]}
Ne5 {[%clk 01:27:11]} {[%emt 00:02:12]} 6. Nxf7 {[%clk 01:30:25]} {[%emt
00:01:28]} Nxf7 {[%clk 01:26:54]} {[%emt 00:00:47]} 7. Bxf7+ {[%clk 01:30:47]}
{[%emt 00:00:09]} Kxf7 {[%clk 01:26:30]} {[%emt 00:00:52]} 8. Qh5+ {[%clk
01:30:50]} {[%emt 00:00:20]} Kf8 {[%clk 01:21:40]} {[%emt 00:05:29]} 9. Qxc5+
{[%clk 01:31:09]} {[%emt 00:00:10]} d6 {[%clk 01:19:36]} {[%emt 00:02:35]} 10.
Qxd4 {[%clk 01:31:16]} {[%emt 00:00:22]} Nf6 {[%clk 01:17:33]} {[%emt
00:02:33]} 11. O-O {[%clk 01:31:21]} {[%emt 00:00:25]} Qe8 {[%clk 01:16:39]}
{[%emt 00:01:25]} 12. Nc3 {[%clk 01:29:34]} {[%emt 00:02:16]} Qg6 {[%clk
01:13:40]} {[%emt 00:03:30]} 13. Qd3 {[%clk 01:26:18]} {[%emt 00:03:34]} Kf7
{[%emt 00:06:12]} 14. Bf4 {[%clk 01:17:51]} {[%emt 00:06:21]} Re8 {[%clk
01:04:30]} {[%emt 00:06:44]} 15. Rfe1 {[%clk 01:16:35]} {[%emt 00:01:42]} Re7
{[%clk 01:03:21]} {[%emt 00:01:47]} 16. Nd5 {[%clk 01:08:24]} {[%emt 00:08:34]}
Nxd5 {[%clk 01:01:29]} {[%emt 00:02:27]} 17. Qxd5+ {[%clk 01:07:42]} {[%emt
00:01:12]} Kf8 {[%clk 00:59:08]} {[%emt 00:02:48]} 18. Re3 {[%clk 01:03:55]}
{[%emt 00:04:11]} Qg4 {[%clk 00:52:21]} {[%emt 00:07:23]} 19. Rf3 {[%clk
01:00:01]} {[%emt 00:04:17]} Qg6 {[%clk 00:44:50]} {[%emt 00:08:07]} 20. Bxd6+
{[%clk 00:57:59]} {[%emt 00:02:35]} Ke8 {[%clk 00:44:13]} {[%emt 00:01:07]} 21.
Bxe7 {[%clk 00:58:06]} {[%emt 00:00:24]} Kxe7 {[%clk 00:42:23]} {[%emt
00:02:19]} 22. Qe5+ {[%clk 00:57:30]} {[%emt 00:00:57]} Be6 {[%clk 00:38:14]}
{[%emt 00:04:43]} 23. Rd1 {[%clk 00:56:29]} {[%emt 00:01:28]} Rd8 {[%clk
00:34:37]} {[%emt 00:04:11]} 24. Qxc7+ {[%clk 00:55:17]} {[%emt 00:01:46]} Bd7
{[%clk 00:32:10]} {[%emt 00:02:57]} 25. Qc5+ {[%clk 00:55:06]} {[%emt
00:00:32]} Qd6 {[%clk 00:28:48]} {[%emt 00:04:01]} 26. Qxd6+ {[%clk 00:55:28]}
{[%emt 00:00:08]} Ke8 {[%emt 00:00:29]} 27. Qf8# {[%clk 00:55:28]} {[%emt
00:00:09]} 1-0

[Event "DVM U12w 2024"]
[Site "Bad Homburg GER"]
[Date "2024.12.29"]
[Round "6"]
[White "Lachenmaier, Alica"]
[Black "Dinges, Mara"]
[Result "1-0"]
[Termination "normal"]
[Board "4.4"]
[WhiteElo "824"]
[BlackElo "854"]
[WhiteClock "01:37:17"]
[BlackClock "01:09:57"]
[WhiteTeam "SC Garching 1980"]
[BlackTeam "SC Weisse Dame"]
[PlyCount "97"]
[WhiteFideId "533025932"]
[BlackFideId "34623183"]
[EventCountry "GER"]
[EventRounds "7"]
[EventType "team-swiss"]
[EventDate "2024.12.26"]

1. c4 {[%clk 01:30:57]} {[%emt 00:00:02]} e5 {[%clk 01:30:40]} {[%emt
00:00:21]} 2. Nc3 {[%clk 01:31:17]} {[%emt 00:00:09]} Nc6 {[%clk 01:30:56]}
{[%emt 00:00:15]} 3. g3 {[%emt 00:00:25]} Nf6 {[%clk 01:31:09]} 4. Bg2 {[%clk
01:31:57]} {[%emt 00:00:11]} Bc5 {[%clk 01:31:27]} {[%emt 00:00:11]} 5. e3
{[%clk 01:32:17]} {[%emt 00:00:10]} d5 {[%clk 01:31:18]} {[%emt 00:00:39]} 6.
cxd5 {[%clk 01:32:34]} {[%emt 00:00:14]} Nb4 {[%clk 01:31:26]} {[%emt
00:00:22]} 7. d4 {[%clk 01:32:31]} {[%emt 00:00:32]} exd4 {[%clk 01:31:21]}
{[%emt 00:00:36]} 8. exd4 {[%clk 01:32:52]} {[%emt 00:00:08]} Be7 {[%clk
01:31:33]} {[%emt 00:00:19]} 9. Nge2 {[%clk 01:33:04]} {[%emt 00:00:18]} Nbxd5
{[%clk 01:31:30]} {[%emt 00:00:33]} 10. Qa4+ {[%clk 01:32:50]} {[%emt
00:00:44]} Bd7 {[%clk 01:31:48]} {[%emt 00:00:12]} 11. Qc2 {[%clk 01:32:57]}
{[%emt 00:00:22]} O-O {[%clk 01:31:57]} {[%emt 00:00:22]} 12. Nxd5 {[%clk
01:33:17]} {[%emt 00:00:09]} Bc6 {[%clk 01:30:24]} {[%emt 00:02:03]} 13. Nxe7+
{[%clk 01:33:26]} {[%emt 00:00:21]} Qxe7 {[%clk 01:30:27]} {[%emt 00:00:26]}
14. Bxc6 {[%clk 01:33:42]} {[%emt 00:00:15]} bxc6 {[%clk 01:30:37]} {[%emt
00:00:20]} 15. O-O {[%clk 01:34:04]} {[%emt 00:00:08]} Rad8 {[%clk 01:29:49]}
{[%emt 00:01:18]} 16. Re1 {[%clk 01:33:50]} {[%emt 00:00:43]} Ng4 {[%clk
01:27:18]} {[%emt 00:03:02]} 17. Bd2 {[%clk 01:33:24]} {[%emt 00:00:55]} Qd6
{[%clk 01:26:53]} {[%emt 00:00:54]} 18. Rad1 {[%clk 01:33:27]} {[%emt
00:00:28]} Qf6 {[%clk 01:26:29]} {[%emt 00:00:54]} 19. Nf4 {[%clk 01:33:10]}
{[%emt 00:00:48]} Qh6 {[%clk 01:25:17]} {[%emt 00:01:41]} 20. h3 {[%clk
01:33:27]} {[%emt 00:00:13]} Qd6 {[%clk 01:23:43]} {[%emt 00:02:04]} 21. hxg4
{[%emt 00:02:12]} Qxd4 {[%clk 01:21:45]} {[%emt 00:00:24]} 22. Qxc6 {[%clk
01:31:42]} {[%emt 00:02:37]} Qxb2 {[%clk 01:17:34]} {[%emt 00:04:41]} 23. Bc3
{[%clk 01:32:08]} {[%emt 00:00:42]} Qb8 {[%clk 01:18:08]} {[%emt 00:00:17]} 24.
Qe4 {[%clk 01:31:43]} {[%emt 00:00:55]} Rfe8 {[%clk 01:16:51]} {[%emt
00:01:50]} 25. Rxd8 {[%clk 01:31:29]} {[%emt 00:00:44]} Rxd8 {[%clk 01:17:03]}
{[%emt 00:00:18]} 26. Qe5 {[%clk 01:31:42]} {[%emt 00:00:16]} f6 {[%clk
01:16:35]} {[%emt 00:00:58]} 27. Qe7 {[%clk 01:31:54]} {[%emt 00:00:17]} Qc8
{[%clk 01:11:35]} {[%emt 00:05:32]} 28. Ne6 {[%clk 01:31:58]} {[%emt 00:00:26]}
Rd7 {[%clk 01:11:26]} {[%emt 00:00:38]} 29. Qc5 {[%clk 01:31:43]} {[%emt
00:00:45]} Qe8 {[%clk 01:11:00]} {[%emt 00:00:57]} 30. Nxc7 {[%clk 01:31:56]}
{[%emt 00:00:17]} Qf7 {[%clk 01:09:40]} {[%emt 00:01:50]} 31. Re8+ {[%clk
01:31:53]} {[%emt 00:00:31]} Qxe8 {[%clk 01:09:59]} {[%emt 00:00:14]} 32. Nxe8
{[%clk 01:31:09]} {[%emt 00:01:13]} h6 {[%clk 01:09:37]} {[%emt 00:00:52]} 33.
Qe3 {[%clk 01:31:17]} {[%emt 00:00:22]} Kf7 {[%emt 00:01:31]} 34. Bd4 {[%clk
01:31:06]} {[%emt 00:00:22]} Re7 {[%clk 01:08:28]} {[%emt 00:00:58]} 35. Nd6+
{[%clk 01:30:45]} {[%emt 00:00:50]} Kf8 {[%emt 00:00:30]} 36. Qf3 {[%clk
01:30:53]} {[%emt 00:00:21]} Re6 {[%clk 01:08:23]} {[%emt 00:00:36]} 37. Qa8+
{[%clk 01:31:09]} {[%emt 00:00:13]} Ke7 {[%clk 01:08:28]} 38. Bc5 {[%clk
01:31:09]} Rxd6 {[%clk 01:08:28]} 39. Bxd6+ {[%clk 01:31:09]} Kxd6 {[%clk
01:08:28]} 40. Qxa7 {[%clk 01:31:09]} Ke6 {[%clk 01:08:30]} {[%emt 00:02:26]}
41. Qxg7 {[%clk 01:32:29]} {[%emt 00:00:07]} Ke5 {[%emt 00:00:30]} 42. a4 Ke4
{[%clk 01:08:46]} {[%emt 00:00:24]} 43. a5 {[%clk 01:33:15]} {[%emt 00:00:06]}
f5 {[%clk 01:09:53]} {[%emt 00:01:24]} 44. a6 {[%clk 01:34:10]} Kd5 {[%clk
01:09:53]} 45. a7 {[%clk 01:34:10]} Kc6 {[%clk 01:09:53]} 46. a8=Q+ {[%clk
01:34:10]} Kd5 {[%clk 01:09:53]} {[%emt 00:01:49]} 47. Qc3+ {[%clk 01:36:53]}
Ke6 {[%emt 00:00:37]} 48. Qe8+ Kd6 {[%clk 01:09:57]} {[%emt 00:00:23]} 49. Qd3+
{[%clk 01:37:17]} {[%emt 00:00:36]} 1-0